Feudi e comuni / (Record no. 163961)

MARC details
000 -LEADER
campo de control de longitud fija 00581nam a22001815i 4500
001 - NÚMERO DE CONTROL
campo de control 163961
003 - IDENTIFICADOR DE NÚMERO DE CONTROL
campo de control ES-MaACL
005 - FECHA Y HORA DE LA ÚLTIMA TRANSACCIÓN
campo de control 20250724063434.0
008 - DATOS DE LONGITUD FIJA--INFORMACIÓN GENERAL
campo de control de longitud fija 050722s1876 it | |||||||| ||ita d
040 ## - FUENTE DE CATALOGACIÓN
Centro catalogador/agencia de origen CAM
Lengua de catalogación spa
Centro/agencia transcriptor CAM
100 1# - ENTRADA PRINCIPAL--NOMBRE DE PERSONA
Nombre de persona Rosa, Gabriele,
Fechas asociadas al nombre 1812-1897
9 (RLIN) 132058
245 10 - MENCIÓN DEL TÍTULO
Título Feudi e comuni /
Mención de responsabilidad, etc. de Gabrielle Rosa.
260 ## - PUBLICACIÓN, DISTRIBUCIÓN, ETC.
Lugar de publicación, distribución, etc. Brescia :
Nombre del editor, distribuidor, etc. presso Stefano Malaguzzi editore,
Fecha de publicación, distribución, etc. 1876 (
Fabricante Tip. Rechiedei)
300 ## - DESCRIPCIÓN FÍSICA
Extensión 353 p. ;
Dimensiones 18 cm.
650 #4 - PUNTO DE ACCESO ADICIONAL DE MATERIA--TÉRMINO DE MATERIA
Término de materia o nombre geográfico como elemento de entrada Feudalismo-
Subdivisión geográfica Italia.
9 (RLIN) 12771
852 ## - LOCALIZACIÓN
Ubicación ES-MaACL
Número de control de estantería G-7587
Nota libre -- Enc. pasta española
Holdings
Estatus retirado Estado de pérdida Estado de daño No para préstamo Colección Biblioteca de origen Biblioteca actual Ubicación en estantería Fecha de adquisición Fuente de adquisición Total de préstamos Signatura topográfica completa Código de barras Visto por última vez Precio de reemplazo Tipo de ítem Koha
        Libros del s. XIX Biblioteca del Ateneo de Madrid Biblioteca del Ateneo de Madrid Sala Pecera Planta 3 17/01/2008     G-7587 1171844 23/02/2023 23/02/2023 Libro impreso antiguo